The failure of arrest to deter spouse abuse

Saved in:  
Bibliographic Details
Authors: Hirschel, Joseph David (Author) ; Dean, Charles W. (Author) ; Hutchison, Ira W. (Author)
Format: Electronic Article
Language:English
Published: 1992
In: Journal of research in crime and delinquency
Year: 1992, Volume: 29, Issue: 1, Pages: 7-33
Online Access: Volltext (lizenzpflichtig)
Volltext (lizenzpflichtig)
Check availability: HBZ Gateway

MARC

LEADER 00000caa a22000002c 4500
001 1912554593
003 DE-627
005 20250127054947.0
007 cr uuu---uuuuu
008 241217s1992 xx |||||o 00| ||eng c
024 7 |a 10.1177/0022427892029001002  |2 doi 
035 |a (DE-627)1912554593 
035 |a (DE-599)KXP1912554593 
040 |a DE-627  |b ger  |c DE-627  |e rda 
041 |a eng 
084 |a 2,1  |2 ssgn 
100 1 |a Hirschel, Joseph David  |e VerfasserIn  |0 (DE-588)1055787151  |0 (DE-627)79383046X  |0 (DE-576)411202359  |4 aut 
109 |a Hirschel, Joseph David  |a Hirschel, David  |a Hirschel, J. David 
245 1 4 |a The failure of arrest to deter spouse abuse 
264 1 |c 1992 
336 |a Text  |b txt  |2 rdacontent 
337 |a Computermedien  |b c  |2 rdamedia 
338 |a Online-Ressource  |b cr  |2 rdacarrier 
700 1 |a Dean, Charles W.  |e VerfasserIn  |4 aut 
700 1 |a Hutchison, Ira W.  |e VerfasserIn  |4 aut 
773 0 8 |i Enthalten in  |t Journal of research in crime and delinquency  |d Thousand Oaks, Calif. [u.a.] : Sage, 1964  |g 29(1992), 1, Seite 7-33  |h Online-Ressource  |w (DE-627)320495299  |w (DE-600)2011523-4  |w (DE-576)095660208  |x 1552-731X  |7 nnas 
773 1 8 |g volume:29  |g year:1992  |g number:1  |g pages:7-33 
787 0 8 |i Forschungsdaten  |a Hirschel, J. David  |t Charlotte (North Carolina) Spouse Assault Replication Project, 1987-1989  |d [Erscheinungsort nicht ermittelbar] : [Verlag nicht ermittelbar], 1993  |w (DE-627)1840058765 
856 4 0 |u https://doi.org/10.1177/0022427892029001002  |x Resolving-System  |z lizenzpflichtig  |3 Volltext  |7 1 
856 4 0 |u https://www.ncjrs.gov/App/Publications/abstract.aspx?ID=134708  |x Verlag  |z lizenzpflichtig  |3 Volltext  |7 1 
935 |a mkri 
951 |a AR 
ELC |a 1 
LOK |0 000 xxxxxcx a22 zn 4500 
LOK |0 001 4637520096 
LOK |0 003 DE-627 
LOK |0 004 1912554593 
LOK |0 005 20241217044453 
LOK |0 008 241217||||||||||||||||ger||||||| 
LOK |0 035   |a (DE-2619)ICPSR14395 
LOK |0 040   |a DE-2619  |c DE-627  |d DE-2619 
LOK |0 092   |o n 
LOK |0 852   |a DE-2619 
LOK |0 852 1  |9 00 
LOK |0 935   |a nacp 
LOK |0 939   |a 17-12-24  |b l01 
ORI |a SA-MARC-krimdoka001.raw